[Event "Lorca Christmas op"]
[Site "Lorca"]
[Date "2022.12.28"]
[Round "4"]
[White "Valmana Canto, Jaime"]
[Black "Nigmatov, Ortik"]
[Result "0-1"]
[WhiteElo "2358"]
[BlackElo "2433"]
[PlyCount "60"]
[EventDate "2022.12.26"]
[EventType "swiss"]
[EventRounds "9"]
[EventCountry "ESP"]
[SourceTitle "CBM 211 Extra"]
[Source "ChessBase"]
[SourceDate "2023.01.31"]
[SourceVersion "1"]
[SourceVersionDate "2023.01.31"]
[SourceQuality "1"]

1. e4 e5 2. Nf3 Nc6 3. Bc4 Nf6 4. d3 Bc5 5. 0-0 0-0 6. Nc3 h6 7. h3 Re8 8. a3 a6 9. b4 Ba7 10. Be3 Nd4 11. Nd5 Nc6 12. Qd2 d6 13. Bxh6 gxh6 14. Qxh6 Nh7 15. Nh4 Nd4 16. Rae1 Re6 17. Qh5 Qg5 18. Qxg5+ Nxg5 19. Re3 Rh6 20. c3 Rxh4 21. cxd4 Ne6 22. Rf3 Nf4 23. Ne7+ Kf8 24. Nxc8 Rxc8 25. g3 Rxh3 26. dxe5 dxe5 27. d4 Bxd4 28. Rd1 Rd8 29. Rd2 Ke7 30. Bf1 Rh6 0-1

[Event "La Nucia op 3rd"]
[Site "La Nucia"]
[Date "2022.10.15"]
[Round "8"]
[White "Yuffa, Daniil"]
[Black "Valmana Canto, Jaime"]
[Result "1-0"]
[WhiteElo "2601"]
[BlackElo "2360"]
[PlyCount "79"]
[EventDate "2022.10.09"]
[EventType "swiss"]
[EventRounds "9"]
[EventCountry "ESP"]
[SourceTitle "CBM 210 Extra"]
[Source "ChessBase"]
[SourceDate "2022.11.30"]
[SourceVersion "1"]
[SourceVersionDate "2022.11.30"]
[SourceQuality "1"]

1. d4 d5 2. c4 c6 3. Nf3 Nf6 4. Nc3 a6 5. e3 b5 6. b3 Bf5 7. a4 bxc4 8. bxc4 e6 9. c5 a5 10. Ne5 Nfd7 11. g4 Bg6 12. Nxg6 hxg6 13. Qb3 Qc7 14. Rb1 Ra7 15. e4 Be7 16. e5 Na6 17. Bxa6 Rxa6 18. 0-0 Ra8 19. Kg2 f6 20. f4 Rh4 21. h3 f5 22. gxf5 gxf5 23. Qb7 Qxb7 24. Rxb7 g5 25. Ne2 g4 26. hxg4 Rxg4+ 27. Kf3 Kd8 28. Rh1 Kc8 29. Rb1 Rh4 30. Rxh4 Bxh4 31. Bd2 Bd8 32. Rg1 Nf8 33. Rg8 Be7 34. Rg7 Kd7 35. Ng3 Ke8 36. Nh5 Nd7 37. Rh7 Nf8 38. Rg7 Nd7 39. Rg1 Rb8 40. Bxa5 1-0

[Event "Titled Tuesday intern op 26th Jul Early"]
[Site "Chess.com INT"]
[Date "2022.07.26"]
[Round "1"]
[White "Valmana Canto, Jaime"]
[Black "Costachi, Mihnea"]
[Result "1-0"]
[WhiteElo "2406"]
[BlackElo "2463"]
[PlyCount "77"]
[EventDate "2022.07.26"]
[EventType "swiss (blitz)"]
[EventRounds "11"]
[EventCountry "USA"]
[SourceTitle "EXT 2023"]
[Source "ChessBase"]
[SourceDate "2022.10.05"]
[SourceVersion "1"]
[SourceVersionDate "2022.10.05"]
[SourceQuality "1"]

1. e4 c5 2. Nf3 d6 3. d4 cxd4 4. Nxd4 Nf6 5. Nc3 Nc6 6. Bg5 e6 7. Qd2 a6 8. 0-0-0 Bd7 9. f4 Be7 10. Kb1 h6 11. Bxf6 gxf6 12. Be2 b5 13. Bh5 Qb6 14. Nxc6 Bxc6 15. Rhe1 b4 16. Nd5 exd5 17. exd5 Bb5 18. Qxb4 Qc7 19. a4 Bd7 20. Qe4 Bc8 21. Rd3 f5 22. Qd4 Rh7 23. Rde3 Ra7 24. Rxe7+ Qxe7 25. Rxe7+ Rxe7 26. Qb6 Rd7 27. Be2 f6 28. Bxa6 Bxa6 29. Qxa6 Rhe7 30. a5 Re4 31. Qc8+ Ke7 32. b3 Rxf4 33. a6 Re4 34. Qb8 Rd8 35. a7 Rxb8 36. axb8Q f4 37. Qc7+ Ke8 38. Qxd6 Re6 39. Qxe6+ 1-0

[Event "Titled Tuesday intern op 26th Jul Early"]
[Site "Chess.com INT"]
[Date "2022.07.26"]
[Round "2"]
[White "Valmana Canto, Jaime"]
[Black "Harsh, Suresh"]
[Result "1/2-1/2"]
[WhiteElo "2406"]
[BlackElo "2321"]
[PlyCount "57"]
[EventDate "2022.07.26"]
[EventType "swiss (blitz)"]
[EventRounds "11"]
[EventCountry "USA"]
[SourceTitle "EXT 2023"]
[Source "ChessBase"]
[SourceDate "2022.10.05"]
[SourceVersion "1"]
[SourceVersionDate "2022.10.05"]
[SourceQuality "1"]

1. e4 c5 2. Nf3 d6 3. d4 cxd4 4. Nxd4 Nf6 5. Nc3 g6 6. Be3 Bg7 7. f3 0-0 8. Qd2 Nc6 9. Bc4 Bd7 10. 0-0-0 Rb8 11. Kb1 Nxd4 12. Bxd4 b5 13. Bd3 b4 14. Nd5 Nxd5 15. Bxg7 Kxg7 16. exd5 Qa5 17. h4 Qxd5 18. h5 g5 19. h6+ Kh8 20. Qe3 Be6 21. b3 Qe5 22. Qd2 a5 23. Rhe1 Qf6 24. Qe2 a4 25. Qe4 Qg6 26. Qd4+ Qf6 27. Qe4 Qg6 28. Qd4+ Qf6 29. Qe4 1/2-1/2

[Event "Titled Tuesday intern op 26th Jul Early"]
[Site "Chess.com INT"]
[Date "2022.07.26"]
[Round "5"]
[White "Valmana Canto, Jaime"]
[Black "Melikyan, Gnel"]
[Result "0-1"]
[WhiteElo "2406"]
[BlackElo "2140"]
[PlyCount "82"]
[EventDate "2022.07.26"]
[EventType "swiss (blitz)"]
[EventRounds "11"]
[EventCountry "USA"]
[SourceTitle "EXT 2023"]
[Source "ChessBase"]
[SourceDate "2022.10.05"]
[SourceVersion "1"]
[SourceVersionDate "2022.10.05"]
[SourceQuality "1"]

1. e4 e5 2. Nf3 Nc6 3. Bc4 Bc5 4. 0-0 Nf6 5. d4 Bxd4 6. Nxd4 Nxd4 7. Bg5 h6 8. Bh4 d6 9. f4 Bg4 10. Bxf6 Bxd1 11. Bxd8 Rxd8 12. Rxd1 Nxc2 13. Nc3 Nxa1 14. Rxa1 exf4 15. Rf1 0-0 16. Rxf4 g6 17. Bb3 Kg7 18. Kf2 c6 19. Ke3 Rd7 20. Kd4 Re8 21. a4 Re5 22. Nd1 g5 23. Rf3 Rde7 24. Nf2 b5 25. axb5 Rxb5 26. Rc3 a5 27. Nd3 c5+ 28. Kd5 Rb6 29. Bc4 Kg6 30. e5 dxe5 31. Nxe5+ Kg7 32. Nc6 Rd7+ 33. Kxc5 Rxb2 34. Ne5 Re7 35. Nd3 Rxg2 36. Ra3 Rxh2 37. Rxa5 Rd2 38. Ra6 h5 39. Nb4 Re5+ 40. Nd5 h4 41. Kd6 Rf5 0-1

[Event "Titled Tuesday intern op 19th Jul Early"]
[Site "Chess.com INT"]
[Date "2022.07.19"]
[Round "11"]
[White "Valmana Canto, Jaime"]
[Black "Martic, Ivan"]
[Result "0-1"]
[WhiteElo "2406"]
[BlackElo "2300"]
[PlyCount "66"]
[EventDate "2022.07.19"]
[EventType "swiss (blitz)"]
[EventRounds "11"]
[EventCountry "USA"]
[SourceTitle "EXT 2023"]
[Source "ChessBase"]
[SourceDate "2022.10.05"]
[SourceVersion "1"]
[SourceVersionDate "2022.10.05"]
[SourceQuality "1"]

1. e4 e5 2. Nf3 Nc6 3. Bc4 Bc5 4. 0-0 Nf6 5. d4 Bxd4 6. Nxd4 Nxd4 7. Bg5 h6 8. Bh4 d6 9. f4 Be6 10. Na3 Qe7 11. c3 Nc6 12. fxe5 dxe5 13. Bxf6 gxf6 14. Kh1 h5 15. Qd3 h4 16. h3 Rd8 17. Qf3 Rh6 18. Rad1 Rxd1 19. Rxd1 a6 20. Qd3 Kf8 21. Nc2 Rg6 22. Ne3 Rg3 23. Bxe6 Qxe6 24. Qe2 Ne7 25. Rd8+ Kg7 26. Qh5 Rxe3 27. Rh8 Re1+ 28. Kh2 f5 29. Qh7+ Kf6 30. Qxh4+ Kg7 31. Rh7+ Kg8 32. Rh8+ Kg7 33. Qh7+ Kf6 0-1

[Event "Titled Tuesday intern op 19th Jul Early"]
[Site "Chess.com INT"]
[Date "2022.07.19"]
[Round "2"]
[White "Valmana Canto, Jaime"]
[Black "Suder, Jakub"]
[Result "0-1"]
[WhiteElo "2406"]
[BlackElo "2320"]
[PlyCount "74"]
[EventDate "2022.07.19"]
[EventType "swiss (blitz)"]
[EventRounds "11"]
[EventCountry "USA"]
[SourceTitle "EXT 2023"]
[Source "ChessBase"]
[SourceDate "2022.10.05"]
[SourceVersion "1"]
[SourceVersionDate "2022.10.05"]
[SourceQuality "1"]

1. e4 c5 2. Nf3 Nc6 3. Bb5 Nf6 4. Bxc6 dxc6 5. d3 Bg4 6. h3 Bh5 7. Nbd2 Nd7 8. Nf1 e5 9. g4 Bg6 10. Ng3 Be7 11. Be3 Qc7 12. h4 f6 13. h5 Bf7 14. Nf5 Rg8 15. g5 Nf8 16. h6 g6 17. Nxe7 Qxe7 18. gxf6 Qd6 19. Qd2 b6 20. Qc3 Nd7 21. Ng5 Nxf6 22. 0-0-0 Rf8 23. f4 exf4 24. e5 Nd5 25. exd6 Nxc3 26. bxc3 fxe3 27. Rdf1 Bg8 28. Rxf8+ Kxf8 29. Rf1+ Ke8 30. Rf3 Kd7 31. Rxe3 Kxd6 32. Rf3 Re8 33. Kd2 Ke7 34. Re3+ Kd7 35. Rf3 Re5 36. Ne4 Ke7 37. Nf6 Bd5 0-1

[Event "Titled Tuesday intern op 19th Jul Early"]
[Site "Chess.com INT"]
[Date "2022.07.19"]
[Round "9"]
[White "Valmana Canto, Jaime"]
[Black "Tikhonov, Viacheslav"]
[Result "1-0"]
[WhiteElo "2406"]
[BlackElo "2207"]
[PlyCount "106"]
[EventDate "2022.07.19"]
[EventType "swiss (blitz)"]
[EventRounds "11"]
[EventCountry "USA"]
[SourceTitle "EXT 2023"]
[Source "ChessBase"]
[SourceDate "2022.10.05"]
[SourceVersion "1"]
[SourceVersionDate "2022.10.05"]
[SourceQuality "1"]

1. e4 c5 2. Nf3 d6 3. d4 cxd4 4. Nxd4 Nf6 5. Nc3 a6 6. Bg5 e6 7. f4 h6 8. Bh4 Qb6 9. Bxf6 gxf6 10. Qd2 Nc6 11. Nb3 h5 12. 0-0-0 Bd7 13. Kb1 0-0-0 14. Be2 h4 15. Rhf1 Kb8 16. Rf3 Bc8 17. Qe1 Bg7 18. Rh3 f5 19. exf5 Bf6 20. Ne4 Be7 21. f6 Bf8 22. Rxh4 Rxh4 23. Qxh4 Qe3 24. Qf2 Qxe4 25. Bf3 Qc4 26. Rd3 d5 27. Rc3 Qxf4 28. Rxc6 bxc6 29. Qb6+ Bb7 30. Qxd8+ Ka7 31. Qxf8 Qxh2 32. Qc5+ Ka8 33. a4 Qh8 34. Qe7 Qh4 35. Nc5 Qe1+ 36. Ka2 Qb4 37. Nxb7 Qxb7 38. Qxb7+ Kxb7 39. Bh5 c5 40. Bxf7 Kc6 41. Bxe6 Kd6 42. f7 Ke7 43. Bxd5 a5 44. g4 c4 45. g5 c3 46. bxc3 Kf8 47. g6 Kg7 48. c4 Kf8 49. c5 Kg7 50. c6 Kf8 51. c7 Kg7 52. c8Q Kxg6 53. f8Q Kh7 1-0

[Event "Valencia Cuna op 3rd"]
[Site "Valencia"]
[Date "2022.07.15"]
[Round "6"]
[White "Nieves Cabanes, Jose Manuel"]
[Black "Valmana Canto, Jaime"]
[Result "1-0"]
[WhiteElo "2302"]
[BlackElo "2406"]
[PlyCount "69"]
[EventDate "2022.07.11"]
[EventType "swiss"]
[EventRounds "9"]
[EventCountry "ESP"]
[SourceTitle "CBM 209 Extra"]
[Source "ChessBase"]
[SourceDate "2022.09.30"]
[SourceVersion "1"]
[SourceVersionDate "2022.09.30"]
[SourceQuality "1"]

1. d4 Nf6 2. c4 e6 3. Nf3 c5 4. d5 exd5 5. cxd5 d6 6. Nc3 g6 7. h3 Bg7 8. Bf4 0-0 9. e3 a6 10. a4 Qe7 11. Nd2 Nbd7 12. Nc4 Ne8 13. a5 Ne5 14. Nb6 Rb8 15. Be2 Nd7 16. Nc4 Ne5 17. Nb6 Bd7 18. 0-0 Nc7 19. Nxd7 Nxd7 20. Ra4 f5 21. Qd2 b5 22. axb6 Rxb6 23. Rfa1 Rfb8 24. R1a2 Ne5 25. e4 Nb5 26. exf5 gxf5 27. Rxa6 Rxa6 28. Rxa6 Nd4 29. Be3 Ng6 30. Bxd4 Bxd4 31. Nb5 Be5 32. Ra7 Qh4 33. Bf1 c4 34. Qa5 Rf8 35. Qc7 1-0

[Event "FACV-ch"]
[Site "Alcossebre"]
[Date "2022.06.15"]
[Round "6"]
[White "Valmana Canto, Jaime"]
[Black "Carbonell Sancho, Marc"]
[Result "1/2-1/2"]
[WhiteElo "2388"]
[BlackElo "2285"]
[PlyCount "52"]
[EventDate "2022.06.12"]
[EventType "tourn"]
[EventRounds "7"]
[EventCountry "ESP"]
[EventCategory "1"]
[SourceTitle "CBM 208 Extra"]
[Source "ChessBase"]
[SourceDate "2022.07.31"]
[SourceVersion "1"]
[SourceVersionDate "2022.07.31"]
[SourceQuality "1"]

1. c4 Nf6 2. Nc3 g6 3. e4 d6 4. d4 Bg7 5. h3 0-0 6. Be3 c6 7. Nf3 e5 8. d5 Na6 9. Nd2 Bd7 10. a3 Ne8 11. g4 cxd5 12. cxd5 f5 13. gxf5 gxf5 14. exf5 e4 15. Ndxe4 Bxf5 16. Bd3 Qe7 17. Rg1 Rc8 18. Ng5 Nc5 19. Bxf5 Rxf5 20. Qc2 Qf6 21. Rd1 h6 22. Nge4 Nxe4 23. Qxe4 Re5 24. Qg6 Qxg6 25. Rxg6 Kf7 26. Rg4 Rh5 1/2-1/2

[Event "FACV-ch"]
[Site "Alcossebre"]
[Date "2022.06.13"]
[Round "3"]
[White "Valmana Canto, Jaime"]
[Black "Granero Roca, Antonio"]
[Result "1-0"]
[WhiteElo "2388"]
[BlackElo "2358"]
[PlyCount "63"]
[EventDate "2022.06.12"]
[EventType "tourn"]
[EventRounds "7"]
[EventCountry "ESP"]
[EventCategory "1"]
[SourceTitle "CBM 208 Extra"]
[Source "ChessBase"]
[SourceDate "2022.07.31"]
[SourceVersion "1"]
[SourceVersionDate "2022.07.31"]
[SourceQuality "1"]

1. e4 e5 2. Nf3 Nc6 3. Bb5 a6 4. Bxc6 dxc6 5. 0-0 Bd6 6. d4 f6 7. dxe5 fxe5 8. Nxe5 Ne7 9. Qh5+ g6 10. Qg5 0-0 11. Nd3 b6 12. Nc3 a5 13. Rd1 Qe8 14. a3 Ba6 15. e5 Rf5 16. Qe3 Rxe5 17. Nxe5 Nf5 18. Qe4 Qxe5 19. Qxe5 Bxe5 20. Re1 Bg7 21. Bf4 Nd4 22. Rac1 b5 23. Be3 b4 24. axb4 axb4 25. Bxd4 Bxd4 26. Nd1 Rd8 27. c3 Bc5 28. Ne3 Rd2 29. cxb4 Bb6 30. b3 Bb5 31. Red1 Re2 32. Rc2 1-0

[Event "FACV-ch"]
[Site "Alcossebre"]
[Date "2022.06.12"]
[Round "1"]
[White "Valmana Canto, Jaime"]
[Black "Luque Saiz, Andres"]
[Result "1-0"]
[WhiteElo "2388"]
[BlackElo "2291"]
[PlyCount "47"]
[EventDate "2022.06.12"]
[EventType "tourn"]
[EventRounds "7"]
[EventCountry "ESP"]
[EventCategory "1"]
[SourceTitle "CBM 208 Extra"]
[Source "ChessBase"]
[SourceDate "2022.07.31"]
[SourceVersion "1"]
[SourceVersionDate "2022.07.31"]
[SourceQuality "1"]

1. e4 c6 2. Nf3 d5 3. Nc3 Bg4 4. d4 e6 5. Bd3 Nf6 6. 0-0 dxe4 7. Nxe4 Nbd7 8. Ng3 Qc7 9. h3 Bxf3 10. Qxf3 Bd6 11. c3 h6 12. Re1 0-0-0 13. b4 g5 14. Ne4 Nxe4 15. Rxe4 Rdf8 16. b5 c5 17. a4 Kb8 18. Re2 f5 19. Rxe6 g4 20. Qd5 Bh2+ 21. Kh1 Rd8 22. g3 Nf8 23. Bf4 Rxd5 24. Re8+ 1-0

[Event "Guimaraes op"]
[Site "Guimaraes"]
[Date "2021.08.28"]
[Round "7"]
[White "Valmana Canto, Jaime"]
[Black "Lamard, Guillaume"]
[Result "0-1"]
[WhiteElo "2399"]
[BlackElo "2480"]
[PlyCount "52"]
[EventDate "2021.08.24"]
[EventType "swiss"]
[EventRounds "9"]
[EventCountry "POR"]
[SourceTitle "CBM 204 Extra"]
[Source "ChessBase"]
[SourceDate "2021.11.30"]
[SourceVersion "1"]
[SourceVersionDate "2021.11.30"]
[SourceQuality "1"]

1. e4 c6 2. Nc3 d5 3. Nf3 Bg4 4. d4 Nf6 5. h3 Bxf3 6. Qxf3 e6 7. Bd3 dxe4 8. Nxe4 Qxd4 9. Be3 Qe5 10. 0-0-0 Nbd7 11. Rhe1 Be7 12. Ng5 Qa5 13. Bd2 Qxa2 14. Bc3 Nc5 15. Re5 Na4 16. Ra5 Bb4 17. Rxa4 Qxa4 18. b3 Qa5 19. Bxf6 gxf6 20. Qxf6 Rf8 21. Nxe6 fxe6 22. Qxe6+ Be7 23. Kb1 Rd8 24. Re1 Rd7 25. g4 Qd5 26. Qe2 Kd8 0-1